000
00319nam a22001457a 4500
008
230518b ||||| |||| 00| 0 eng d
020
_a
9780321131867
041
_a
eng
080
_2
SIXTH EDITION
_a
510
082
_a
510DEM
100
_a
23
101
_a
MATE
245
_a
PRECALCULUS
_c
DEMANA. F
942
_2
udc
_c
BK
999
_c
59778
_d
59778